MARC

LEADER 00000naa2a2200000 4500
001 608052
005 20260317094908.0
035 |a (RuTPU)RU\TPU\conf\5482 
035 |a RU\TPU\conf\5481 
090 |a 608052 
100 |a 20140914d2014 k y0rusy50 ca 
101 0 |a rus 
102 |a RU 
135 |a drgn ---uucaa 
181 0 |a i  
182 0 |a b 
200 1 |a Нейросетевые технологии принятия решений  |f А. М. Кориков, А. В. Тунгусова 
203 |a Текст  |c электронный 
225 1 |a Информационные технологии интеллектуальной поддержки принятия решений в экономике 
300 |a Заглавие с титульного экрана 
320 |a [Библиогр.: с. 132 (7 назв.)] 
337 |a Adobe Reader 
463 0 |0 (RuTPU)RU\TPU\conf\5406  |t Современные технологии поддержки принятия решений в экономике  |o сборник трудов Всероссийской научно-практической конференции студентов, аспирантов и молодых ученых, 28-20 апреля 2014 г., г. Юрга  |f Национальный исследовательский Томский политехнический университет (ТПУ), Юргинский технологический институт (ЮТИ) ; отв. ред. А. А. Захарова  |v [С. 130-132]  |d 2014 
610 1 |a труды учёных ТПУ 
610 1 |a электронный ресурс 
610 1 |a нейросетевые технологии 
610 1 |a принятие решений 
610 1 |a нейтронные сети 
610 1 |a искусственный интеллект 
700 1 |a Кориков  |b А. М.  |c радиофизик, специалист в области информатики и вычислительной техники  |c профессор Томского политехнического университета, доктор технических наук  |c проректор Томского института автоматизированных систем управления и радиоэлектроники (ТИАСУР)  |f 1942-  |g Анатолий Михайлович  |3 (RuTPU)RU\TPU\pers\11852 
701 1 |a Тунгусова  |b А. В. 
712 0 2 |a Национальный исследовательский Томский политехнический университет (ТПУ)  |b Институт кибернетики (ИК)  |b Кафедра автоматики и компьютерных систем (АИКС)  |3 (RuTPU)RU\TPU\col\18698 
801 2 |a RU  |b 63413507  |c 20220214  |g RCR 
856 4 |u http://earchive.tpu.ru/handle/11683/69494 
856 4 |u http://www.lib.tpu.ru/fulltext/c/2014/C79/053.pdf 
942 |c BK